|
|
|
|
| LEADER |
01634nam a2200409 a 4500 |
| 001 |
EBC3012535 |
| 003 |
MiAaPQ |
| 005 |
20200520144314.0 |
| 006 |
m o d | |
| 007 |
cr cn||||||||| |
| 008 |
090811s2006 dcua sb 000 0 eng d |
| 035 |
|
|
|a (MiAaPQ)EBC3012535
|
| 035 |
|
|
|a (Au-PeEL)EBL3012535
|
| 035 |
|
|
|a (CaPaEBR)ebr10302937
|
| 035 |
|
|
|a (OCoLC)842972555
|
| 040 |
|
|
|a MiAaPQ
|c MiAaPQ
|d MiAaPQ
|
| 043 |
|
|
|a e-xv---
|
| 050 |
|
4 |
|a HD5811.7.A6
|b E36 2006
|
| 100 |
1 |
|
|a Egoume-Bossogo, Philippe.
|
| 245 |
1 |
0 |
|a Tax, welfare, and pension reforms in Slovenia
|h [electronic resource] :
|b implications for work incentives and labor participation /
|c prepared by Philippe Egoume-Bossogo and Anita Tuladhar.
|
| 260 |
|
|
|a [Washington, D.C.] :
|b International Monetary Fund, European Dept.,
|c 2006.
|
| 300 |
|
|
|a 33 p. :
|b ill.
|
| 490 |
1 |
|
|a IMF working paper ;
|v WP/06/298
|
| 500 |
|
|
|a "December 2006."
|
| 504 |
|
|
|a Includes bibliographical references (p. 28-29).
|
| 533 |
|
|
|a Electronic reproduction. Ann Arbor, MI : ProQuest, 2015. Available via World Wide Web. Access may be limited to ProQuest affiliated libraries.
|
| 650 |
|
0 |
|a Labor supply
|z Slovenia.
|
| 650 |
|
0 |
|a Public welfare
|z Slovenia.
|
| 650 |
|
0 |
|a Income tax
|z Slovenia.
|
| 650 |
|
0 |
|a Pensions
|z Slovenia.
|
| 650 |
|
0 |
|a Early retirement
|z Slovenia.
|
| 655 |
|
4 |
|a Electronic books.
|
| 700 |
1 |
|
|a Tuladhar, Anita.
|
| 710 |
2 |
|
|a International Monetary Fund.
|b European Dept.
|
| 710 |
2 |
|
|a ProQuest (Firm)
|
| 830 |
|
0 |
|a IMF working paper ;
|v WP/06/298.
|
| 856 |
4 |
0 |
|u https://ebookcentral.proquest.com/lib/matrademy/detail.action?docID=3012535
|z Click to View
|